World of Warcraft - les sorts du guerrier - Statistiques

Statistiques générales
  • Ce quiz a été pris 20 fois
  • Le résultat moyen est 17 sur 64
Statistiques - réponses
Indice Réponse % Correct
Sort de base Charge
83%
Sort de base Tourbillon
78%
Sort de base Exécution
72%
Sort de base Heurtoir
67%
Arbre de talent Fureur Sanguinaire
67%
Arbre de talent de classe Coup de tonnerre
56%
Arbre de talent Armes Frappe mortelle
50%
Arbre de talent de classe Avatar
44%
Arbre de talent de classe Bond héroïque
44%
Sort de base Cri de guerre
44%
Arbre de talent de classe Cri de ralliement
44%
Arbre de talent Armes et Protection Dur au mal
44%
Sort de base Lancer héroïque
44%
Arbre de talent Fureur Saccager
44%
Sort de base Heurt de bouclier
39%
Sort de base Brise-genou
33%
Arbre de talent Fureur Coup déchaîné
33%
Arbre de talent Armes Fulgurance
33%
Sort de base Ivresse de la victoire
33%
Sort de base Provocation
33%
Arbre de talent de classe Renvoi de sort
33%
Arbre de talent Fureur Témérité
33%
Arbre de talent Protection Cri démoralisant
28%
Arbre de talent de classe Intervention
28%
Sort de base Maîtrise du blocage
28%
Arbre de talent Protection Mur protecteur
28%
Arbre de talent de classe Posture de combat
28%
Arbre de talent de classe Posture défensive
28%
Arbre de talent Armes et Protection Pourfendre
28%
Sort de base Rage de berserker
28%
Arbre de talent Armes et Fureur Tempête de lames
28%
Arbre de talent Fureur Bain de sang
22%
Arbre de talent Armes Enchaînement
22%
Arbre de talent de classe Posture berserker
22%
Arbre de talent Protection Revanche
22%
Arbre de talent de classe Victoire imminente
22%
Sort de base Armes Attaques circulaires
17%
Arbre de talent Protection Charge de bouclier
17%
Arbre de talent de classe Cri d'intimidation
17%
Arbre de talent de classe Éclair de tempête
17%
Arbre de talent Armes Frappe du colosse
17%
Arbre de talent de classe Lance du champion
17%
Arbre de talent de classe Onde de choc
17%
Arbre de talent toute spécialisation Ravageur
17%
Sort de base Volée de coups
17%
Arbre de talent Armes Brise-guerre
11%
Arbre de talent Protection Dernier rempart
11%
Sort de base Protection Dévaster
11%
Arbre de talent de classe Lancer fracassant
11%
Arbre de talent Armes Par le fil de l'épée
11%
Arbre de talent Fureur Régénération enragée
11%
Arbre de talent Fureur Assaut
6%
Arbre de talent Armes Casse-crâne
6%
Arbre de talent de classe Cri de berserker
6%
Sort de base Protection Cri de défi
6%
Arbre de talent Fureur Fureur d'Odyn
6%
Arbre de talent de classe Hurlement perçant
6%
Arbre de talent de classe Rugissement vibrant
6%
Arbre de talent Fureur Coup écrasant
0%
Arbre de talent Protection Cri perturbant
0%
Talent héroïque Colosse Démolissage
0%
Talent héroïque Thane des montagnes Explosion de tonnerre
0%
Arbre de talent de classe Immunité amère
0%
Arbre de talent de classe Lancer destructeur
0%
Aucun quiz correspondant
Distribution des résultats
% des personnes avec chaque résultat
Percentile par nombre de réponses
Votre historique - résultats
Vous n’avez pas pris ce quiz